000 00638nam a22002057a 4500
003 dpl
005 20180827133220.0
008 180827b xxu||||| |||| 00| 0 eng d
010 _aB-059007
020 _a8178880040
_c0.00
035 _aB-059007
037 _bBPPD/PUB
040 _c0
082 1 4 _a005.3
245 1 _aVisual basic :
_cEdited by Devjeet Mukherjee
_bThe practice portfolio of latest questions /
260 _aDelhi
_bDominant Publishers and Distributors
_c2001
270 _a116 A, South Anarkali
_bDelhi
_e110 051
300 _a256p.
_c22cm (Hb)
942 _adpl
_cEN
_k005.3 / VIS
_2ddc
_h005.3
_mVIS
999 _c156394
_d156394